Statistics for Diplomatic Missions of São Tomé and Príncipe

Click here to take the quiz!

General Stats

  • This quiz has been taken 38 times
  • The average score is 17 of 20

Answer Stats

MissionCountry or CityAnswer% Correct
CountryAngola
97%
CountryPortugal
97%
MissionCityLisbon
94%
EmbassyCityLisbon
94%
CountryNigeria
94%
CountryBelgium
91%
MissionCityBrussels
91%
EmbassyCityBrussels
91%
CountryEquatorial Guinea
91%
EmbassyCityLuanda
91%
EmbassyCityAbuja
88%
Permanent MissionCityNew York City
88%
MissionCityAddis Ababa
84%
CountryChina
84%
EmbassyCityBeijing
81%
CountryGabon
78%
CountryCape Verde
72%
EmbassyCityMalabo
69%
EmbassyCityLibreville
66%
EmbassyCityPraia
56%

Score Distribution

Percentile by Number Answered

Percent of People with Each Score

Your Score History

You have not taken this quiz